Top 50 aktorek według rankingu filmweb.pl - Statystyki

Ogólne statystyki
  • Ten quiz został rozwiązany 1 548 razy
  • Średni wynik to 15 z 50
Statystyki odpowiedzi
Lp. Inicjały Film Aktorka % Poprawnych
12. EW Harry Potter i Kamień Filozoficzny Emma Watson
86%
3. NP Thor Natalie Portman
69%
2. AJ Oszukana Angelina Jolie
63%
5. MS Mamma Mia! Meryl Streep
61%
11. JA Millerowie Jennifer Aniston
57%
28. UT Kill Bill Uma Thurman
51%
7. SB Grawitacja Sandra Bullock
50%
21. KS Zmierzch Kristen Stewart
48%
14. NK Oczy szeroko zamknięte Nicole Kidman
47%
1. HBC Harry Potter i Zakon Feniksa Helena Bonham Carter
46%
4. KN Piraci z Karaibów: Skrzynia umarlaka Keira Knightley
46%
15. JL Poradnik pozytywnego myślenia Jennifer Lawrence
45%
8. PC Vicky Cristina Barcelona Penelope Cruz
44%
10. KW Lektor Kate Winslet
43%
22. ES Służące Emma Stone
41%
6. SJ Między słowami Scarlett Johansson
41%
17. JR Raport Pelikana Julia Roberts
40%
27. JF Milczenie owiec Jodie Foster
36%
9. AH Interstellar Anne Hathaway
34%
16. CB Ciekawy przypadek benjamina Buttona Cate Blanchett
34%
43. SH Frida Salma Hayek
34%
23. MK Czarny łabędź Mila Kunis
33%
46. MF Transformers Megan Fox
32%
41. GP Iron Man Gwyneth Paltrow
31%
13. CT Mad Max: Na drodze gniewu Charlize Theron
30%
42. AH Śniadanie u Tiffany'ego Audrey Hepburn
29%
39. WR Przerwana lekcja muzyki Winona Ryder
29%
34. CZJ Chicago Catherina Zeta-Jones
25%
20. CD Vanilla Skye Cameron Diaz
24%
26. RW Legalna blondynka Reese Witherspoon
23%
47. HB Gothika Halle Berry
21%
35. LT Władca Pierścieni: Powrót Króla Liv Tyler
21%
50. MS Harry Potter i Książe Półkrwi Maggie Smith
21%
33. MJ Resident Evil Milla Jovovich
18%
18. JA Maczeta Jessica Alba
17%
45. MR Kiedy Harry poznał Sally Meg Ryan
17%
19. RM Pamiętnik Rachel McAdams
17%
38. JM Motyl Still Alice Julianne Moore
16%
24. MP Powrót Batmana Michelle Pfeiffer
14%
48. RZ Dziennik Bridget Jones Rene Zellweger
14%
40. MC Niczego nie żałuję - Edith Piaf Marion Cotillard
12%
29. RW Wierny ogrodnik Rachel Weisz
11%
31. KH Brzydka prawda Katherine Heigl
10%
49. JC Requiem dla snu Jennifer Connelly
9%
36. OW Tron: Dziedzictwo Olivia Wilde
9%
30. KB Underworld Kate Beckinsale
7%
37. KD Fargo Kirsten Dunst
7%
32. MB Nieodwracalne Monica Bellucci
6%
25. AS Zaginiona Amanda Seyfried
5%
44. DF Sam Dakota Fanning
5%
Nie znaleziono quizów pasujących do podanych kryteriów
Rozkład punktacji
Procent ludzi z każdym wynikiem
Percentyl według liczby udzielonych odpowiedzi
Twoja historia wyników
Nie rozwiązałeś tego quizu